Biblioteca

Mission and conversion (Registro nro. 45654)

Detalles MARC
000 -LÍDER
Campo fijo de descripción fija 01504aam a2200313 4500
001 - NÚMERO DE CONTROL
Campo de control 19288
003 - IDENTIFICADOR DEL NÚMERO DE CONTROL
Campo de control CO-MdFUSB
005 - FECHA Y HORA DE LA ULTIMA TRANSACCIÓN
control field 20220625062548.0
008 - ELEMENTOS DE LONGITUD FIJA -- INFORMACIÓN GENERAL
Campo fijo de descripción fija -- Información general 170210t19951994enk||||f |||| 00| 0 eng d
020 ## - NÚMERO INTERNACIONAL NORMALIZADO PARA LIBROS
Número Internacional Normalizado del libro 0-19-826387-2
040 ## - FUENTE DE CATALOGACIÓN
Agencia de catalogación original CO-MdFUSB
Idioma de catalogación spa
Agencia que realiza la transcripción CO-MdFUSB
Agencia que realiza la modificación CO-MdFUSB
Convenciones de la descripción rda
041 ## - CÓDIGO DE IDIOMA
Código de idioma para texto/pista de sonido o título separado eng
082 ## - NÚMERO DE CLASIFICACIÓN DECIMAL DEWEY
Número de la edición del Dewey 24
Número de clasificación G 296.714
Clave de autor-Numero de item G653m
100 1# - ASIENTO PRINCIPAL--NOMBRE PERSONAL
Nombre personal Goodman, Martin,
Término relacionador autor
Fechas asociadas con el nombre 1953-
245 10 - TÍTULO
Título del Material Mission and conversion
Parte restante del título - Subtitulo : Proselytizing in the religious history of the Roman Empire
Mención de responsabilidad, etc. / Martin Goodman
264 #1 - PRODUCCIÓN, PUBLICACIÓN, DISTRIBUCIÓN, MANUFACTURA, Y COPYRIGHT
Lugar de producción, publicación, distribución, manufactura Oxford, England :
Nombre del productor, publicador, distribuidor Clarendon Press,
Fecha de producción, publicación, distribución, manufactura, o copyright ℗1995
264 #4 - PRODUCCIÓN, PUBLICACIÓN, DISTRIBUCIÓN, MANUFACTURA, Y COPYRIGHT
Fecha de producción, publicación, distribución, manufactura, o copyright ©1994
300 ## - DESCRIPCIÓN FÍSICA
Extensión xiv, 194 páginas
Dimensiones ; 22 cm
336 ## - TIPO DE CONTENIDO
Fuente rdacontent
Término de tipo de contenido
Código de tipo de contenido
337 ## - TIPO DE MEDIO
Fuente rdamedia
Nombre del tipo de medio
Código del tipo de medio
338 ## - TIPO DE SOPORTE
Fuente rdacarrier
Nombre del tipo de soporte
Código Tipo de soporte
501 ## - NOTA DE “CON”
Nota de Contenido Incluye índice (p. 189-194)
504 ## - NOTA DE BIBLIOGRAFÍA, ETC.
Nota de bibliografía, etc Bibliografría (p. 175-188)
505 01 - NOTA DE CONTENIDO
Nota de contenido con formato preestablecido Misión y conversión: El proselitismo en la historia religiosa del imperio romano - El significado del proselitismo - La difusión de cultos y filosofías en el imperio romano pagano - El judaísmo antes de 100 CE: Actitudes al paganismo de los gentiles - El judaísmo antes de 100 CE: Prosélitos y proselitismo - Misión en la iglesia primitiva - El judaísmo en el período talmúdico: Actitudes al paganismo de los gentiles - El judaísmo en el período talmúdico: Prosélitos y proselitismo - Las consecuencias y orígenes del proselitismo.
540 ## - NOTA DE CONDICIONES DE USO Y REPRODUCCION
Términos que regulan el uso y reproducción Rústico
650 #7 - ASIENTO SECUNDARIO DE MATERIA - TERMINO TEMÁTICO
Término temático o nombre geográfico como elemento de entrada Judaísmo
Subdivisión general Costumbres y prácticas
Fuente del encabezamiento o término
9 (RLIN) 6882
942 ## - TIPO DE MATERIAL (KOHA)
Tipo de Item KOHA Libros General
Existencias
Estado de Material Estado de Perdido Forma de Clasificación Estado de Dañado No para Préstamo Colección Tomo Biblioteca de Origen Biblioteca Permanente Fecha de Adquisición Total de Préstamos Signatura Topográfica Código de Barras Última vez visto Ejemplar/Existencia Fecha de Remplazo Tipo de Material
    Dewey Decimal Classification     Colección General   Biblioteca FUSBC Biblioteca FUSBC 20/03/2015   G 296.714 G653m 19320 12/12/2019 Ej. 1 26/01/2016 Libros General

Biblioteca FUSBC | Teléfono: (57+4) 349 88 10 Ext. 141| WhatsApp (+57) 3005338115 
E-mail: biblioteca@unisbc.edu.co | Calle 76 87-14 Robledo Palenque, Medellín, Colombia

Con tecnología Koha